1716 1373 1654 1412 1481 1914 1225 1562 1514 1434 1424 1865 1208 1269 1940 1129 1823 1874 1070 1216 1954 1618 1085 1925 1678 1367 1278 1825 1508 1059 1652 1102 1691 1951 1261 1311 1296 1394 1107 1981 1677 1889 1580 1442 1808 1536 1690 1933 1614 1141 1050 1089 1381 1727 1802 1275 1054 1433 1878 1723 1377 1143 1897 1448 1961 1384 1041 1357 1957 1913 1792 1235 1352 1482 1545 1915 1463 1989 1135 1869 1025 1106 1726 1491 1549 1440 1592 1187 1344 1173 1874 1811 1146 1695 1235 1377 1816 1329 1948 BCNSPRNW ULIB Ver.6.0+V

เปลี่ยนเป็นภาษาไทย

Change to English
 แสดงรายละเอียดบรรณานุกรม
  กลับหน้าหลัก

Brief Record : Get Marc (ISO 2709) : E-mail record : QR code < ปิดหน้าต่าง
LEADER : 00000nam 2200000uu 4500
001    13399115113
003     ULIB
008    120710s2550||||th 000 0 tha d
020    ^a9789747706765(ล.5)
050 04 ^aAC159^bภ375ค ล.5 2550
100 0  ^aภัทราพร สังข์พวงทอง
245 10 ^aความรู้นอกกะลา 5 (สารอาหาร) /^cภัทราพร สังข์พวงทอง
250    ^aพิมพ์ครั้งที่ 1
260    ^aกรุงเทพฯ :^bพิมพ์บูรพา,^c2550
300    ^a[125] หน้า :^bภาพประกอบ
650  7 ^aความรู้ทั่วไป
650  7 ^aลูกชิ้น
650  7 ^aน้ำตาล
650  7 ^aกาแฟ
650  7 ^aอาหาร
945    ^p0^l0^i14915
995    ^aกัณชพร
999    ^aใช้งานได้ทุกระบบ
รายการนี้ยังไม่มีแท็ก
คุณยังไม่ได้ล็อกอิน คุณสามารถมีกิจกรรมร่วมกับเว็บไซต์ได้ แต่ต้องล็อกอินก่อน ::
  ล็อกอิน

รายการสื่อสารสนเทศ

ลำดับที่ ประเภท เลขเรียก/บาร์โค้ด สถานที่ สถานะ
- ไม่พบข้อมูล -

รายการใกล้เคียง
    ผู้แต่ง [ภัทราพร สังข์พวงทอง]

    หัวเรื่อง [ความรู้ทั่วไป]
    หัวเรื่อง [ลูกชิ้น]
    หัวเรื่อง [น้ำตาล]
    หัวเรื่อง [กาแฟ]
    หัวเรื่อง [อาหาร]

BibComment


ยังไม่เคยถูกคอมเมนท์

คอมเมนท์ทรัพยากรรายการนี้
  คอมเมนท์: ความรู้นอกกะลา 5..


 Copyright 2026. Bcnsprnw @Library